[Event "Ch SJRH (juniors) (under 20)"]
[Site "masterchessopen.com Loerzweiler (Germany)"]
[Round "0"]
[White "Noll Paul"]
[Black "Konrath Martin (GER)"]
[Result "0-1"]
[WhiteElo "1870"]
[BlackElo "2019"]

1.d4 Nf6 2.c4 g6 3.Nc3 Bg7 4.Nf3 d6 5.g3 O-O 6.Bg2 Nbd7 7.O-O e5 8.e4 c6 9.h3
Qc7 10.Be3 Re8 11.Qd2 exd4 12.Nxd4 Nc5 13.Qc2 a5 14.Rfe1 Ne6 15.Rad1 Nxd4
16.Bxd4 Nd7 17.Qd2 Ne5 18.b3 c5 19.Be3 Bxh3 20.f4 Bxg2 21.Kxg2 Ng4 22.Nb5 Qc6
23.Nxd6 Rad8 24.Kg1 Nxe3 25.Rxe3 Bd4 26.e5 Bxe3+ 27.Qxe3 Rxd6 28.exd6 Rxe3
29.d7 Rxg3+ {#R} 0-1

[Event "Ch Croatia (team) (1st league)"]
[Site "masterchessopen.com Makarska (Croatia)"]
[Round "2"]
[White "Mirnic Mirko (CRO)"]
[Black "Stevic Hrvoje (CRO)"]
[Result "0-1"]
[WhiteElo "2158"]
[BlackElo "2340"]

1.d4 Nf6 2.Nf3 g6 3.c4 Bg7 4.Nc3 O-O 5.g3 d6 6.Bg2 Nbd7 7.O-O e5 8.e4 c6 9.h3
Qb6 10.d5 Nc5 11.Qe2 Qa6 12.dxc6 bxc6 13.Bg5 Ne6 14.Be3 d5 15.cxd5 Qxe2
16.Nxe2 cxd5 17.exd5 Nxd5 18.Ng5 Nxe3 19.Nxe6 Bxe6 20.fxe3 Rad8 21.Nc3 Bh6
22.Rae1 Rd3 23.Kf2 Rd2+ 24.Re2 Rxe2+ 25.Nxe2 Rd8 26.Re1 Rd2 27.b4 Rxa2 28.b5
Bc4 29.Bc6 Bf8 {#R} 0-1

[Event "It (open)"]
[Site "masterchessopen.com Massy (France)"]
[Round "1"]
[White "Piankov Evgenij (UKR)"]
[Black "Crapis Frederic (FRA)"]
[Result "1-0"]
[WhiteElo "2415"]
[BlackElo "1945"]

1.d4 Nf6 2.c4 g6 3.Nc3 Bg7 4.Nf3 O-O 5.g3 d6 6.Bg2 Nbd7 7.O-O e5 8.h3 c6 9.e4
Qc7 10.Be3 b6 11.Qc2 Bb7 12.Rfd1 Rfd8 13.Rac1 Rac8 14.b4 Qb8 15.dxe5 Nxe5
16.Nxe5 dxe5 17.c5 b5 18.a4 a6 19.Qa2 Rc7 20.axb5 axb5 21.Qa5 Rcd7 22.Bf3 h5
23.Bg5 Rxd1+ 24.Rxd1 Rxd1+ 25.Bxd1 Ne8 26.Bb3 Bf6 27.Bxf6 Nxf6 28.Nxb5 cxb5
29.Qb6 Qa8 30.Qxf6 {#r} 1-0

[Event "Ch Spain"]
[Site "masterchessopen.com Matalascanas (Spain)"]
[Round "3"]
[White "Izeta Txabarri Felix (ESP)"]
[Black "Roa Alonso Santiago (ESP)"]
[Result "1-0"]
[WhiteElo "2495"]
[BlackElo "2360"]

1.d4 g6 2.Nf3 Nf6 3.c4 Bg7 4.g3 O-O 5.Bg2 d6 6.Nc3 Nbd7 7.O-O e5 8.e4 c6 9.h3
Re8 10.Be3 exd4 11.Nxd4 Nc5 12.Qc2 a5 13.Rad1 Qe7 14.Rfe1 Nfd7 15.f4 Nf8
16.Qd2 Rd8 17.e5 Be6 18.Nxe6 Qxe6 19.exd6 Qxc4 20.Bf1 Qb4 21.a3 Bxc3 22.bxc3
Qb6 23.f5 Nfd7 24.Rb1 Qa7 25.Bd4 {#r} 1-0

[Event "It (open) \"]
[Site "masterchessopen.com Mlada Boleslav (Czech Republic)"]
[Round "1"]
[White "Freisler Pavel (CZE)"]
[Black "Maslik Miroslav (SVK)"]
[Result "1-0"]
[WhiteElo "2345"]
[BlackElo "2356"]

1.Nf3 Nf6 2.c4 g6 3.Nc3 Bg7 4.g3 O-O 5.Bg2 d6 6.d4 Nbd7 7.O-O c6 8.e4 e5 9.h3
Qb6 10.Re1 Re8 11.Na4 Qa5 12.Bd2 Qc7 13.dxe5 dxe5 14.Qc2 Nf8 15.c5 Ne6 16.Be3
Nd7 17.Red1 f5 18.exf5 gxf5 19.Qxf5 Qa5 20.Qc2 b5 21.Nc3 Qc7 22.Ne4 Rf8
23.Neg5 Nf6 24.Rd6 Nxg5 25.Nxg5 Bb7 26.Rad1 Qe7 27.Rd7 {#r} 1-0

[Event "It (open) \"]
[Site "masterchessopen.com Mlada Boleslav (Czech Republic)"]
[Round "7"]
[White "Hackel Ludek (CZE)"]
[Black "Zelinka Jiri (CZE)"]
[Result "1-0"]
[WhiteElo "2061"]
[BlackElo "1915"]

1.d4 Nf6 2.c4 g6 3.Nc3 Bg7 4.Nf3 O-O 5.g3 d6 6.Bg2 c6 7.O-O Nbd7 8.h3 e5 9.e4
Re8 10.Be3 Qc7 11.Rc1 Nf8 12.b4 exd4 13.Nxd4 Ne6 14.Nb3 Qe7 15.Qc2 Nc7 16.Rcd1
Rd8 17.Rfe1 Nfe8 18.f4 f5 19.Bf2 Qf7 20.Na5 Na6 21.b5 Qc7 22.Nb3 Bxc3 23.Qxc3
cxb5 24.e5 Qxc4 25.Bd5+ {#r} 1-0

[Event "Ch Chess Club Russia (cat.9)"]
[Site "masterchessopen.com Moscow (Russia)"]
[Round "8"]
[White "Guliev Sarhan (AZE)"]
[Black "Komliakov Viktor (MDA)"]
[Result "0-1"]
[WhiteElo "2495"]
[BlackElo "2520"]

1.d4 d6 2.Nf3 Nf6 3.c4 g6 4.Nc3 Nbd7 5.g3 Bg7 6.Bg2 O-O 7.O-O c6 8.e4 e5 9.h3
exd4 10.Nxd4 Qb6 11.Na4 Qa5 12.b3 Re8 13.f3 d5 14.exd5 cxd5 15.Nb5 dxc4
16.bxc4 Nb6 17.Nxb6 Qxb6+ 18.Kh2 Be6 19.Rb1 Rad8 20.Qa4 Qc6 21.Rb4 a5 22.Qxa5
Bxc4 23.Re1 Rxe1 24.Qxd8+ Re8 25.Nd4 Qc5 26.Qb6 Qxb6 27.Rxb6 Nd5 28.Rd6 Bxd4
29.f4 Re1 30.Bxd5 Bxd5 {#R} 0-1

[Event "Ch Moscow (open)"]
[Site "masterchessopen.com Moscow (Russia)"]
[Round "9"]
[White "Castaneda Georgui (PER)"]
[Black "Potapenko Alexey (RUS)"]
[Result "1-0"]
[WhiteElo "2512"]
[BlackElo "2022"]

1.d4 Nf6 2.c4 g6 3.Nf3 Bg7 4.g3 O-O 5.Bg2 d6 6.Nc3 Nbd7 7.O-O e5 8.e4 c6 9.h3
exd4 10.Nxd4 a5 11.b3 Re8 12.Re1 Nc5 13.Bf4 d5 14.cxd5 Nxd5 15.exd5 Rxe1+
16.Qxe1 Bxd4 17.Rd1 Bxc3 18.Qxc3 Ne6 19.Bh6 f6 20.Bf3 cxd5 21.Bxd5 {#r} 1-0

[Event "It (open)"]
[Site "masterchessopen.com Moscow (Russia)"]
[Round "5"]
[White "Castaneda Georgui (PER)"]
[Black "Efremov Roman (UKR)"]
[Result "1-0"]
[WhiteElo "2512"]
[BlackElo "2425"]

1.d4 Nf6 2.Nf3 g6 3.c4 Bg7 4.g3 O-O 5.Bg2 d6 6.O-O Nbd7 7.Nc3 e5 8.e4 c6 9.h3
a5 10.b3 Re8 11.Re1 exd4 12.Nxd4 Nc5 13.Qc2 Nfd7 14.Be3 Qe7 15.Rad1 Ne5 16.f4
Ned7 17.Bf2 h5 18.Nf3 Bxc3 19.Qxc3 Nf6 20.e5 Nfe4 21.exd6 Nxc3 22.Rxe7 Be6
23.Re1 Nd3 24.R1xe6 fxe6 25.Rxe8+ Rxe8 26.Bb6 Nc5 27.Ne5 {#r} 1-0

[Event "It (open)"]
[Site "masterchessopen.com New York (USA)"]
[Round "0"]
[White "Ippolito Dean (USA)"]
[Black "Zlotnikov Mikhail (USA)"]
[Result "0-1"]
[WhiteElo "2270"]
[BlackElo "2375"]

1.d4 Nf6 2.c4 g6 3.Nf3 Bg7 4.g3 O-O 5.Bg2 d6 6.O-O Nbd7 7.Nc3 e5 8.e4 c6 9.h3
Re8 10.Re1 exd4 11.Nxd4 a5 12.Be3 Nc5 13.Qc2 Nfd7 14.Rad1 a4 15.b4 axb3
16.axb3 Qb6 17.Rb1 Qb4 18.f4 Nf6 19.Bf2 Nh5 20.Kh2 Bd7 21.Red1 f5 22.exf5 Bxd4
23.Bxd4 Bxf5 24.Bxc5 Qxc5 25.Be4 Bxe4 26.Nxe4 Rxe4 27.Qxe4 Ra2+ 28.Qg2 Rxg2+
29.Kxg2 Qe3 {#R} 0-1

[Event "Ch Yugoslavia (1/2 final) (open)"]
[Site "masterchessopen.com Nis (Yugoslavia)"]
[Round "7"]
[White "Nestorovic Dejan (SRB)"]
[Black "Aleksic Milan (SRB)"]
[Result "1-0"]
[WhiteElo "2370"]
[BlackElo "2232"]

1.d4 Nf6 2.c4 g6 3.Nf3 Bg7 4.g3 O-O 5.Bg2 d6 6.O-O Nbd7 7.Nc3 e5 8.e4 c6 9.h3
Re8 10.Re1 a5 11.b3 exd4 12.Nxd4 Nc5 13.Bf4 Nh5 14.Be3 Nf6 15.Qc2 Bd7 16.Rad1
Qe7 17.Bf4 Nh5 18.Nxc6 Bxc6 19.Bxd6 Qf6 20.e5 Qg5 21.Bxc5 Bxg2 22.Kxg2 Rxe5
23.Nd5 Rae8 24.Be3 Qd8 25.Bb6 Qg5 26.Bxa5 f5 27.Qc1 f4 28.Nxf4 {#r} 1-0

[Event "Ch Yugoslavia (1/2 final) (open)"]
[Site "masterchessopen.com Nis (Yugoslavia)"]
[Round "9"]
[White "Ristovic Nenad (CAN)"]
[Black "Subasic Dragan (SRB)"]
[Result "1-0"]
[WhiteElo "2300"]
[BlackElo "2386"]

1.d4 Nf6 2.c4 g6 3.Nc3 Bg7 4.Nf3 O-O 5.g3 d6 6.Bg2 c6 7.O-O Nbd7 8.h3 e5 9.e4
exd4 10.Nxd4 Re8 11.Re1 Nc5 12.Bf4 Nh5 13.Be3 Qc7 14.Rc1 a5 15.b3 Bd7 16.Kh2
Rad8 17.f4 Bc8 18.Re2 Nf6 19.Bf2 h5 20.Kh1 Bh6 21.Qd2 Bd7 22.Rce1 Qc8 23.Kh2
Ne6 24.Nf3 Qc7 25.Rd1 Bc8 26.Na4 c5 27.Nc3 h4 28.Nxh4 Nh5 29.Nd5 Qe7 30.Nxe7+
{#r} 1-0

[Event "It (open)"]
[Site "masterchessopen.com Novgorod (Russia)"]
[Round "0"]
[White "Filippov Valerij (RUS)"]
[Black "Sepp Olav (EST)"]
[Result "1-0"]
[WhiteElo "2510"]
[BlackElo "2440"]

1.Nf3 Nf6 2.c4 g6 3.d4 Bg7 4.Nc3 O-O 5.g3 d6 6.Bg2 Nbd7 7.O-O e5 8.e4 c6 9.h3
Qb6 10.c5 dxc5 11.dxe5 Ne8 12.e6 fxe6 13.Ng5 Ne5 14.f4 Nf7 15.Nxf7 Bd4+ 16.Kh2
Rxf7 17.e5 Nc7 18.Ne4 Nd5 19.h4 Qd8 20.h5 Rg7 21.Ng5 gxh5 22.Qxh5 Qe7 23.Be4
Bd7 24.Qh3 c4 25.Rb1 b5 26.Kg2 c5 27.f5 Bxe5 28.fxe6 Bc6 29.Rf7 Rxf7 30.exf7+
Kf8 31.Qh6+ {#r} 1-0

[Event "Ch World (juniors)"]
[Site "masterchessopen.com Sao Lourenco (Brazil)"]
[Round "7"]
[White "Fedorchuk Sergey A (UKR)"]
[Black "Cawdery Daniel (RSA)"]
[Result "1-0"]
[WhiteElo "2365"]
[BlackElo "2263"]

1.d4 Nf6 2.c4 g6 3.Nc3 Bg7 4.g3 O-O 5.Bg2 d6 6.Nf3 Nbd7 7.O-O e5 8.h3 c6 9.e4
Re8 10.Re1 Qb6 11.Re2 exd4 12.Nxd4 Ne5 13.b3 Nh5 14.Be3 Qa5 15.Qc2 a6 16.Rd2
b5 17.cxb5 axb5 18.Rc1 b4 19.Na4 c5 20.Ne2 Qc7 21.f4 Nc6 22.g4 Nf6 23.e5 dxe5
24.Qxc5 e4 25.Qxc6 Qxc6 26.Rxc6 Bd7 27.Rxf6 Bxa4 28.Rb6 Bc3 29.Rd1 Bxb3
30.axb3 Ra2 31.Nxc3 {#r} 1-0

[Event "It (open)"]
[Site "masterchessopen.com St. Ingbert (Germany)"]
[Round "8"]
[White "Blechzin Igor (RUS)"]
[Black "Schindler Samuel (GER)"]
[Result "1-0"]
[WhiteElo "2405"]
[BlackElo "2237"]

1.d4 Nf6 2.c4 g6 3.Nf3 Bg7 4.g3 d6 5.Bg2 O-O 6.O-O Nbd7 7.Nc3 e5 8.e4 c6 9.h3
Re8 10.Be3 exd4 11.Nxd4 Nc5 12.Qc2 a5 13.Rad1 Qc7 14.Bf4 Bf8 15.Rfe1 Nfd7
16.b3 Ne5 17.Be3 Bg7 18.f4 Ned7 19.Ndb5 cxb5 20.Nxb5 Qd8 21.Nxd6 Rf8 22.e5 Ne6
23.Rd5 Nc7 24.Rd2 Nxe5 25.fxe5 Bxe5 26.Bh6 Bxg3 27.Qc3 {#r} 1-0

[Event "It (open)"]
[Site "masterchessopen.com St. Ingbert (Germany)"]
[Round "8"]
[White "Bukal Vladimir (CRO)"]
[Black "Roetteler Martin (GER)"]
[Result "1-0"]
[WhiteElo "2430"]
[BlackElo "2254"]

1.c4 Nf6 2.Nc3 g6 3.g3 Bg7 4.Bg2 O-O 5.d4 d6 6.Nf3 Nbd7 7.O-O e5 8.e4 c6 9.h3
exd4 10.Nxd4 Re8 11.Be3 Nc5 12.Qc2 Qe7 13.Rfe1 a5 14.Nb3 Ne6 15.Na4 Nd7 16.f4
Ra6 17.Rad1 c5 18.Nc3 a4 19.Nc1 Nd4 20.Qd3 Nb8 21.N1e2 Nbc6 22.Nxd4 cxd4
23.Nd5 Qd8 24.Bf2 Bd7 25.Qa3 Na5 26.Bxd4 Nxc4 27.Qc3 {#r} 1-0

[Event "It (open)"]
[Site "masterchessopen.com Wuerzburg (Germany)"]
[Round "5"]
[White "Froehlich Peter (GER)"]
[Black "Fuchs Alexander (GER)"]
[Result "1-0"]
[WhiteElo "2260"]
[BlackElo "2101"]

1.d4 Nf6 2.Nf3 g6 3.g3 Bg7 4.Bg2 O-O 5.O-O d6 6.c4 Nbd7 7.Nc3 e5 8.e4 c6 9.h3
Qb6 10.d5 cxd5 11.cxd5 Nc5 12.Qc2 Bd7 13.Be3 Rfc8 14.Nd2 a5 15.Rfc1 a4 16.Qb1
Qb4 17.Bf1 b5 18.a3 Qa5 19.Na2 Qd8 20.Nb4 Nh5 21.Nc6 Rxc6 22.dxc6 Bxc6 23.Bxc5
dxc5 24.Rxc5 Qb6 25.Qc2 Bd7 26.Rc7 Be6 27.Qc6 Qa5 28.Nf3 b4 {#r} 1-0

[Event "It (open)"]
[Site "masterchessopen.com Zadar (Croatia)"]
[Round "0"]
[White "Hulak Krunoslav (CRO)"]
[Black "Sudar Boris (CRO)"]
[Result "1-0"]
[WhiteElo "2555"]
[BlackElo "2152"]

1.d4 Nf6 2.c4 g6 3.g3 Bg7 4.Bg2 O-O 5.Nf3 d6 6.O-O Nbd7 7.Nc3 e5 8.e4 c6 9.h3
Qb6 10.c5 dxc5 11.dxe5 Ne8 12.e6 fxe6 13.Ng5 Nc7 14.f4 Bd4+ 15.Kh2 Nf6 16.e5
Nfd5 17.Nce4 Ne8 18.h4 c4 19.h5 Ng7 20.hxg6 hxg6 21.Qc2 Nf5 22.Nd6 Bd7 23.g4
Nfe7 24.Nxc4 Qc5 25.Qd3 Kg7 26.Ne4 {#r} 1-0

[Event "It (open)"]
[Site "masterchessopen.com Zurich (Switzerland)"]
[Round "3"]
[White "Cvitan Ognjen (CRO)"]
[Black "Weindl Alfred (GER)"]
[Result "1-0"]
[WhiteElo "2510"]
[BlackElo "2350"]

1.d4 Nf6 2.Nf3 g6 3.c4 Bg7 4.g3 O-O 5.Bg2 d6 6.O-O Nbd7 7.Nc3 e5 8.e4 c6 9.h3
Qb6 10.Re1 exd4 11.Nxd4 Ne8 12.Nb3 a5 13.Be3 Qb4 14.a3 Qxc4 15.Nd4 f6 16.f4
Qf7 17.Bf2 Kh8 18.Rc1 Nc5 19.b4 axb4 20.axb4 Ne6 21.Nf3 N6c7 22.Na4 Be6 23.Nb6
Ra2 24.Nd4 f5 25.exf5 gxf5 26.b5 Nf6 27.bxc6 bxc6 28.Rxc6 Ne4 29.Bxe4 fxe4
30.Rxc7 Qe7 31.Nxe6 {#r} 1-0

[Event "It (open)"]
[Site "masterchessopen.com Neuchatel (Switzerland)"]
[Round "0"]
[White "Mikavica Mirko (SRB)"]
[Black "Maiwald Jens-Uwe (GER)"]
[Result "1-0"]
[WhiteElo "2270"]
[BlackElo "2485"]

1.d4 Nf6 2.c4 d6 3.Nc3 Nbd7 4.Nf3 g6 5.g3 Bg7 6.Bg2 O-O 7.O-O e5 8.h3 c6 9.e4
Qb6 10.Re1 exd4 11.Nxd4 Ne8 12.Nf3 Nc5 13.Qc2 Qb4 14.Nd1 Be6 15.Bf1 f5 16.Bd2
Qb6 17.e5 dxe5 18.Nxe5 Ne4 19.c5 Qd8 20.Nf3 Nc7 21.Bc3 Nxc3 22.Nxc3 Qf6
23.Rad1 Rfd8 24.Rd6 Rxd6 25.cxd6 Nd5 26.Bc4 Bf7 27.d7 Qd6 28.Nxd5 cxd5 29.Bb5
Qf8 30.Ng5 {#r} 1-0

[Event "It (open)"]
[Site "masterchessopen.com Boeblingen (Germany)"]
[Round "0"]
[White "Vidoniak Roman (GER)"]
[Black "Zumtobel Thomas (AUT)"]
[Result "1-0"]
[WhiteElo "2405"]
[BlackElo "2164"]

1.Nf3 Nf6 2.d4 g6 3.c4 Bg7 4.Nc3 O-O 5.g3 d6 6.Bg2 c6 7.O-O Nbd7 8.h3 e5 9.e4
Ne8 10.Re1 Qc7 11.Be3 a6 12.Rc1 Qa5 13.Rb1 b5 14.b4 Qd8 15.cxb5 cxb5 16.dxe5
Nxe5 17.Nxe5 Bxe5 18.Nd5 Bb7 19.f4 Bg7 20.e5 dxe5 21.Bc5 Kh8 22.Bxf8 Bxf8
23.Rxe5 Bd6 24.Rxe8+ Qxe8 25.Qd4+ f6 26.Nxf6 {#r} 1-0

[Event "It (open)"]
[Site "masterchessopen.com Ano Liosia (Greece)"]
[Round "9"]
[White "Lempert Igor (UKR)"]
[Black "Nikolaidis Konstantinos (GRE)"]
[Result "0-1"]
[WhiteElo "2470"]
[BlackElo "2355"]

1.d4 Nf6 2.c4 g6 3.g3 Bg7 4.Bg2 O-O 5.Nc3 d6 6.Nf3 Nbd7 7.O-O c6 8.e4 e5 9.h3
Qb6 10.dxe5 dxe5 11.Rb1 Rd8 12.Be3 Qc7 13.Qc2 Nf8 14.Rfd1 Be6 15.Bf1 Ne8 16.b4
f5 17.exf5 gxf5 18.Ng5 e4 19.c5 Kh8 20.g4 f4 21.Bd2 e3 22.Be1 Bg8 23.Nce4 h6
24.Nf3 Bh7 25.Nh4 Ne6 26.fxe3 fxe3 27.Nf5 Bxf5 28.gxf5 Nd4 29.Qg2 Qf4 30.Kh1
Nxf5 31.Bg3 Qxe4 {#R} 0-1

[Event "Oberliga Baden 1995/96"]
[Site "masterchessopen.com Baden-Wuerttemberg (Germany)"]
[Round "0"]
[White "Born Mario (GER)"]
[Black "Beck Rudolf (GER)"]
[Result "1-0"]
[WhiteElo "2192"]
[BlackElo "2064"]

1.d4 Nf6 2.Nf3 g6 3.g3 Bg7 4.Bg2 O-O 5.c4 d6 6.O-O Nbd7 7.h3 e5 8.Nc3 c6 9.e4
a6 10.Be3 h6 11.Qd2 Kh7 12.Rad1 Qc7 13.dxe5 dxe5 14.c5 Ne8 15.Na4 f5 16.exf5
gxf5 17.Nh4 Rb8 18.Qc2 e4 19.Nxf5 {#r} 1-0

[Event "Oberliga Baden 1996/97"]
[Site "masterchessopen.com Baden-Wuerttemberg (Germany)"]
[Round "0"]
[White "Albrecht Holger (GER)"]
[Black "Acksteiner Heinz (GER)"]
[Result "1-0"]
[WhiteElo "2274"]
[BlackElo "2012"]

1.d4 Nf6 2.c4 g6 3.Nc3 Bg7 4.Nf3 O-O 5.g3 d6 6.Bg2 Nbd7 7.O-O e5 8.e4 c6 9.h3
Re8 10.Be3 a6 11.dxe5 dxe5 12.c5 a5 13.Qc2 Bf8 14.Na4 Be7 15.Rfd1 Qc7 16.Nd2
Nf8 17.Nb6 Ra7 18.Ndc4 Be6 19.Nd6 Rd8 20.Qc3 N6d7 21.Rd2 Nxc5 22.Bxc5 Bxd6
23.Bxd6 {#r} 1-0

[Event "It (open)"]
[Site "masterchessopen.com Barbera (Spain)"]
[Round "7"]
[White "Bjerring Kai (DEN)"]
[Black "Movsziszian Karen (ARM)"]
[Result "0-1"]
[WhiteElo "2340"]
[BlackElo "2470"]

1.Nf3 Nf6 2.g3 g6 3.Bg2 Bg7 4.O-O O-O 5.c4 d6 6.d4 Nbd7 7.Nc3 e5 8.e4 c6 9.h3
Qb6 10.dxe5 dxe5 11.Qc2 Re8 12.Be3 Qb4 13.Nd2 Qe7 14.c5 Nxc5 15.Nd5 cxd5
16.Bxc5 Qc7 17.exd5 Bf5 18.d6 Qc8 19.Qc3 Bxh3 20.Rac1 Bxg2 21.Kxg2 Qc6+ 22.Kg1
e4 23.Ba3 Qd7 24.Kg2 e3 25.Nf3 exf2 26.Qc7 Qg4 27.Rc4 Qe6 28.b3 Nd5 {#R} 0-1

[Event "It (open)"]
[Site "masterchessopen.com Boblingen (Germany)"]
[Round "0"]
[White "Dgebuadze Alexandre (BEL)"]
[Black "Kottke Markus (GER)"]
[Result "1-0"]
[WhiteElo "2425"]
[BlackElo "2205"]

1.d4 Nf6 2.c4 g6 3.Nf3 Bg7 4.g3 d6 5.Bg2 O-O 6.O-O Nbd7 7.Nc3 c6 8.e4 e5 9.h3
a5 10.Be3 Re8 11.Qc2 Qc7 12.Rad1 b5 13.cxb5 cxb5 14.Qb3 b4 15.Nb5 Qb8 16.Nxd6
Qxd6 17.dxe5 Qa6 18.exf6 Bxf6 19.Qc2 Ne5 20.Nxe5 Bxe5 21.f4 Bg7 22.e5 Bf5
23.Qf2 Rac8 24.Rd6 Qc4 25.b3 Qc2 26.Rd2 Qc3 27.Bd4 Qc7 28.g4 {#r} 1-0

[Event "It"]
[Site "masterchessopen.com Budapest (Hungary)"]
[Round "1"]
[White "Fancsy Imre (HUN)"]
[Black "Francsics Endre (HUN)"]
[Result "1-0"]
[WhiteElo "2325"]
[BlackElo "2220"]

1.Nf3 d6 2.d4 Nd7 3.c4 e5 4.Nc3 g6 5.e4 Bg7 6.g3 Ngf6 7.Bg2 O-O 8.O-O c6 9.h3
a6 10.Qc2 b5 11.c5 dxc5 12.dxe5 Ne8 13.Bg5 Qb6 14.Be7 Nxe5 15.Nxe5 Bxe5 16.f4
Bd4+ 17.Kh2 Ng7 18.Bxf8 Kxf8 19.Rad1 a5 20.Ne2 a4 21.Qd2 Ba6 22.Nxd4 Rd8 23.f5
cxd4 24.Qh6 Kg8 25.f6 Ne8 26.e5 Qc5 27.e6 Qh5 28.e7 {#r} 1-0

[Event "Ch World (juniors) (under 18)"]
[Site "masterchessopen.com Cala Galdana (Spain)"]
[Round "6"]
[White "Boudenne Jean-Baptiste (FRA)"]
[Black "Banikas Hristos (GRE)"]
[Result "0-1"]
[WhiteElo "2305"]
[BlackElo "2445"]

1.d4 Nf6 2.Nf3 g6 3.c4 Bg7 4.g3 O-O 5.Bg2 d6 6.O-O c6 7.Nc3 Nbd7 8.e4 e5 9.h3
Re8 10.Be3 exd4 11.Nxd4 Nc5 12.Qc2 Qe7 13.Rfe1 Bd7 14.b4 Ncxe4 15.Bg5 Qe5
16.Bxf6 Qxf6 17.Rxe4 Rxe4 18.Nxe4 Qxd4 19.Rd1 Qb6 20.Nxd6 Qxb4 21.c5 Be6
22.Rb1 Qa3 23.Rxb7 Bd4 24.Bxc6 Qxg3+ 25.Kf1 Bxh3+ {#R} 0-1

[Event "It (open) \"]
[Site "masterchessopen.com Decin (Czech Republic)"]
[Round "5"]
[White "Muhtarov Leonid (UKR)"]
[Black "Balkhamishvili Tamar (GEO)"]
[Result "1-0"]
[WhiteElo "2144"]
[BlackElo "2010"]

1.c4 Nf6 2.Nf3 d6 3.g3 e5 4.Nc3 g6 5.d4 Nbd7 6.Bg2 Bg7 7.O-O O-O 8.e4 c6 9.h3
a6 10.Be3 b5 11.Qb3 Qc7 12.cxb5 axb5 13.Rfc1 Qa5 14.a3 Ba6 15.Qc2 Bb7 16.b4
Qd8 17.Nd2 Qe7 18.d5 cxd5 19.exd5 Rac8 20.Qd3 Nh5 21.Qxb5 Nb8 22.Nce4 f5
23.Nxd6 Qxd6 24.Qxb7 Rxc1+ 25.Rxc1 f4 26.Bc5 Qd7 27.Qxd7 Nxd7 28.Bxf8 Bxf8
29.Rc7 {#r} 1-0

[Event "It (open) \"]
[Site "masterchessopen.com Decin (Czech Republic)"]
[Round "9"]
[White "Volodin Viktor (RUS)"]
[Black "Hadraba Vladimir (CZE)"]
[Result "1-0"]
[WhiteElo "2330"]
[BlackElo "2225"]

1.Nf3 Nf6 2.c4 g6 3.d4 Bg7 4.g3 O-O 5.Bg2 d6 6.O-O Nbd7 7.Nc3 c6 8.e4 e5 9.h3
Re8 10.Re1 exd4 11.Nxd4 Nc5 12.Rb1 a5 13.b3 Qe7 14.Bf4 Nfd7 15.Re2 Ne5 16.Be3
Ne6 17.f4 Nd7 18.Qd2 Ndc5 19.Bf2 Qf6 20.Rd1 h5 21.Nxe6 Nxe6 22.e5 dxe5 23.Ne4
Qe7 24.Nd6 Rf8 25.fxe5 a4 26.b4 Ng5 27.Nxc8 Rfxc8 28.Bc5 Qd8 29.Qc1 {#r} 1-0

[Event "Ch Euskadi (team)"]
[Site "masterchessopen.com Euskadi (Spain)"]
[Round "0"]
[White "Acosta Garcia Alfonso Carlos (ESP)"]
[Black "Ortiz Herranz Eleazar (ESP)"]
[Result "0-1"]
[WhiteElo "2288"]
[BlackElo "2232"]

1.d4 Nf6 2.Nf3 g6 3.c4 d6 4.Nc3 Nbd7 5.g3 Bg7 6.Bg2 O-O 7.O-O e5 8.e4 c6 9.h3
Qb6 10.b3 exd4 11.Na4 Qa6 12.Nxd4 b5 13.cxb5 cxb5 14.e5 Nxe5 15.Bxa8 Bxh3
16.Bg2 Bxg2 17.Kxg2 bxa4 18.bxa4 Ne4 19.Qe2 Qb7 20.f3 Nxf3 21.Rxf3 Bxd4 22.Rb3
Qd5 23.Bb2 Nd2+ 24.Kh2 Nxb3 25.Rd1 Qe5 26.Qxe5 dxe5 {#R} 0-1

[Event "Bayern Regionalliga Southeast"]
[Site "masterchessopen.com Germany"]
[Round "2"]
[White "Bielmeier Ludwig (GER)"]
[Black "Moldawskij Boris"]
[Result "0-1"]
[WhiteElo "2140"]
[BlackElo "1985"]

1.d4 Nf6 2.c4 g6 3.g3 Bg7 4.Bg2 O-O 5.Nf3 d6 6.O-O Nbd7 7.Nc3 e5 8.e4 c6 9.h3
a5 10.Re1 Re8 11.Rb1 Qc7 12.Be3 a4 13.Re2 Qa5 14.d5 cxd5 15.cxd5 Nc5 16.Bd2 b5
17.a3 Nb3 18.Be1 Nd7 19.Na2 Qb6 20.Rc2 Ndc5 21.Bb4 Nxe4 22.Kh2 Nec5 23.Bxc5
Nxc5 24.Re2 Bf5 25.Rc1 Bd3 26.Re1 e4 27.Ng1 {#R} 0-1

[Event "Mecklenburg Landesliga"]
[Site "masterchessopen.com Germany"]
[Round "0"]
[White "Prosch Carsten (GER)"]
[Black "Bauer Norbert (GER)"]
[Result "1-0"]
[WhiteElo "2245"]
[BlackElo "2063"]

1.d4 Nf6 2.g3 g6 3.Bg2 Bg7 4.Nf3 O-O 5.O-O d6 6.c4 Nbd7 7.Nc3 c6 8.h3 e5 9.e4
Re8 10.Be3 exd4 11.Nxd4 Nc5 12.Qc2 a5 13.Rad1 Qe7 14.Rfe1 Ne6 15.Na4 Nd7
16.Nxe6 Qxe6 17.b3 Ra6 18.Qd3 Bf8 19.f4 f5 20.Bd4 Nc5 21.Nxc5 dxc5 22.Bb2 Qf7
23.exf5 gxf5 24.Rxe8 Qxe8 25.Qc3 Qe7 26.Qh8+ Kf7 27.Bf3 Kg6 28.Qg8+ Kh6
29.Rd6+ {#r} 1-0

[Event "Oberliga North 1996/97"]
[Site "masterchessopen.com Germany"]
[Round "0"]
[White "Bloess Andre (GER)"]
[Black "Richert Thomas (GER)"]
[Result "1-0"]
[WhiteElo "2087"]
[BlackElo "2184"]

1.c4 Nf6 2.Nc3 g6 3.g3 Bg7 4.Bg2 O-O 5.d4 d6 6.e4 Nbd7 7.Nf3 e5 8.O-O c6 9.h3
Re8 10.dxe5 dxe5 11.Be3 Qe7 12.Qc2 Nf8 13.Rfd1 N6d7 14.Rab1 a5 15.a3 Ne6 16.b4
axb4 17.axb4 Rd8 18.c5 Ndf8 19.Rxd8 Qxd8 20.Rd1 Qc7 21.Na4 Nd7 22.Qb3 Qb8
23.Ng5 Nxg5 24.Bxg5 Qa7 25.Nb6 Nxb6 26.cxb6 Qxb6 27.Rd8+ Bf8 28.Be7 Be6
29.Rxa8 Bxb3 30.Bxf8 {#r} 1-0

[Event "Oberliga NRW 1995/96"]
[Site "masterchessopen.com Germany"]
[Round "0"]
[White "Winkeler Uwe (GER)"]
[Black "Beeker Detlef (GER)"]
[Result "0-1"]
[WhiteElo "2244"]
[BlackElo "2217"]

1.d4 Nf6 2.c4 g6 3.g3 Bg7 4.Bg2 d6 5.Nc3 O-O 6.Nf3 Nbd7 7.O-O e5 8.e4 c6 9.h3
Qa5 10.Re1 exd4 11.Nxd4 Ne5 12.Bf1 Re8 13.Nc2 Be6 14.Ne3 Nxe4 15.Nxe4 Qxe1
16.Qxe1 Nf3+ 17.Kh1 Nxe1 18.Be2 Bxc4 19.Bxc4 Rxe4 20.Be2 Nc2 21.Rb1 Nxe3
22.Bxe3 d5 23.Bd3 Ree8 24.Kg2 Bf8 25.b4 a5 26.bxa5 Rxa5 27.Rxb7 Rxa2 28.Bb1
Raa8 {#R} 0-1

[Event "Memorial Berze (open)"]
[Site "masterchessopen.com Godollo (Hungary)"]
[Round "0"]
[White "Torok Sandor (HUN)"]
[Black "Ruttkay Peter (HUN)"]
[Result "0-1"]
[WhiteElo "2319"]
[BlackElo "2113"]

1.d4 g6 2.c4 Bg7 3.Nc3 d6 4.g3 c6 5.Bg2 Nd7 6.Nf3 e5 7.O-O Ngf6 8.e4 O-O 9.h3
Qe7 10.Be3 exd4 11.Nxd4 Nc5 12.f3 Be6 13.Qe2 Nh5 14.Kh2 f5 15.exf5 Bxf5 16.g4
Bd3 17.Qd2 Bxf1 18.Rxf1 Rae8 19.Bg5 Qe5+ 20.f4 Qxd4 21.Qxd4 Bxd4 22.gxh5 Ne6
23.Bh6 Bg7 24.Bxg7 Kxg7 25.hxg6 hxg6 26.Ne4 Nxf4 27.Nxd6 Re2 {#R} 0-1